000 00612nam a22001937a 4500
999 _c95391
_d95391
003 NALT
005 20210325220219.0
008 181017b th ||||| |||| 00| 0 tha d
040 _aNALT
041 _atha
245 _aวารสารการเมืองและการเลือกตั้ง
260 _aสำนักงานคณะกรรมการการเลือกตั้ง
310 _aรายหกเดือน
500 _aฉบับปฐมฤกษ์
850 _aNALT
942 _cJNR
_s1
998 _a่่jintana